Accredited institutions of rehabilitation council of India (Record no. 393802)

MARC details
000 -LEADER
fixed length control field 00606 a2200217 4500
005 - DATE & TIME
control field 20260223103818.0
008 - FIXED-LENGTH DATA ELEMENTS--GENERAL INFORMATION
fixed length control field 260204b |||||||| |||| 00| 0 eng d
020 ## - ISBN
International Standard Book Number 9788173917967
Price Rs. 800.00
040 ## - CATALOGING SOURCE
Original cataloging agency VIVEKANANDA LIBRARY
082 ## - DDC NUMBER
Classification number 376.1580954
Book Number K962A
100 ## - MAIN ENTRY--PERSONAL NAME
Personal name Kundu, C L
245 ## - TITLE STATEMENT
Title Accredited institutions of rehabilitation council of India
260 ## - PUBLICATION, DISTRIBUTION, ETC. (IMPRINT)
Name of publisher, distributor, etc Kanishika Publishers, Distributors
Date of publication, distribution, etc 2025
Place of publication, distribution, etc New Delhi
300 ## - PHYSICAL DESCRIPTION
Pages xvi, 184
650 ## - Subject
Subject Special Education
650 ## - Subject
Subject Disabilities
650 ## - Subject
Subject Rehabilitation
700 ## - Added Entry Personal Name
Added Entry Personal Name Singh, J P
700 ## - Added Entry Personal Name
Added Entry Personal Name Ahuluwalia, H P S
942 ## - ADDED ENTRY ELEMENTS (KOHA)
Koha item type Books
Holdings
Withdrawn status Lost status Source of classification or shelving scheme Damaged status Not for loan Location (home branch) Sublocation or collection (holding branch) Shelving location Date acquired Koha issues (times borrowed) Koha full call number Accession No. Koha date last seen Koha item type
    Dewey Decimal Classification     VIVEKANANDA LIBRARY VIVEKANANDA LIBRARY Vivekananda Library 03/12/2025   376.1580954 K962A 443445 03/12/2025 Books
    Dewey Decimal Classification     VIVEKANANDA LIBRARY VIVEKANANDA LIBRARY Vivekananda Library 03/12/2025   376.1580954 K962A 443444 03/12/2025 Books
© Designed and Maintained by Vivekananda Library, MDU Rohtak